000 00379nam a2200121Ia 4500
008 220216s9999 xx 000 0 und d
100 _aSuthisong Suthisak
245 0 _aGrowing rubber as a professional owner.Part.18. The choice to buy land for rubber plantation
260 _bRubber International Magazine
_c2005
300 _a47-50
650 _aRubber plantation
942 _cJS
999 _c60103
_d60103